| 000 | 00402nam a2200145Ia 4500 | ||
|---|---|---|---|
| 008 | 230917s9999||||xx |||||||||||||| ||und|| | ||
| 040 |
_e169996 _aMAIN |
||
| 041 | _aEnglish | ||
| 082 | _a891.431731 MS295L | ||
| 100 | _aमाली, शिवराम | ||
| 245 | 0 | _aललकार | |
| 260 |
_aदिल्ली _bवाणी प्रकाशन _c1981 |
||
| 300 | _a78 पृ. p. | ||
| 942 | _cHN | ||
| 999 |
_c36365 _d36365 |
||